1422 1572 1413 1202 1890 1879 1533 1334 1071 1125 1207 1710 1150 1778 1571 1422 1999 1557 1400 1726 1021 1806 1443 1985 1357 1680 1043 1964 1397 1596 1905 1961 1011 1316 1276 1702 1647 1852 1647 1604 1946 1569 1673 1182 1273 1038 1795 1082 1516 1219 1440 1089 1428 1177 1778 1079 1064 1711 1181 1808 1670 1633 1845 1272 1113 1152 1412 1641 1183 1916 1599 1684 1644 1401 1288 1280 1054 1423 1630 1258 1186 1297 1653 1438 1756 1798 1349 1017 1876 1819 1627 1121 1013 1579 1240 1387 1248 1025 1622 BCNSPRNW ULIB Ver.6.0+V

เปลี่ยนเป็นภาษาไทย

Change to English
 แสดงรายละเอียดบรรณานุกรม
  กลับหน้าหลัก

Brief Record : Get Marc (ISO 2709) : E-mail record : QR code < ปิดหน้าต่าง
LEADER : 00000nam 2200000uu 4500
001    13399113568
003     ULIB
008    111128s2550||||th 000 0 tha d
020    ^a9789744347954
090    ^aนว.^bท339ร 2550
100 0  ^aทักษิณา
245 00 ^aรักละมุน...อุ่นดวงใจ/^cทักษิณา
250    ^aพิมพ์ครั้งที่ 1
260    ^aกรุงเทพฯ :^bฟิสิกส์เซ็นเตอร์,^c2550
300    ^a257 หน้า
710 1  ^aฟิสิกส์เซ็นเตอรื
945    ^p165^l0^i14004
995    ^aกัณชพร
999    ^aใช้งานได้ทุกระบบ
รายการนี้ยังไม่มีแท็ก
คุณยังไม่ได้ล็อกอิน คุณสามารถมีกิจกรรมร่วมกับเว็บไซต์ได้ แต่ต้องล็อกอินก่อน ::
  ล็อกอิน

รายการสื่อสารสนเทศ

ลำดับที่ ประเภท เลขเรียก/บาร์โค้ด สถานที่ สถานะ
1. วิทยาศาสตร์การแพทย์ และสุขภาพ
วิทยาศาสตร์การแพทย์ และสุขภาพ
นว. ท339ร 2550  
  Barcode: 14004
ห้องสมุดวิทยาเขตสวรรค์ประชารักษ์
►นวนิยาย
บนชั้น
  ขอยืม

รายการใกล้เคียง
    ผู้แต่ง [ทักษิณา]

BibComment


ยังไม่เคยถูกคอมเมนท์

คอมเมนท์ทรัพยากรรายการนี้
  คอมเมนท์: รักละมุนอุ่นดวงใ..


 Copyright 2026. Bcnsprnw @Library